| 000 | 00545 a2200205 4500 | ||
|---|---|---|---|
| 005 | 20260121103212.0 | ||
| 008 | 260120b |||||||| |||| 00| 0 eng d | ||
| 020 |
_a9789355731074 _cRs.1195.00 |
||
| 040 | _aMAIN | ||
| 082 |
_a658.4033 _bW882I(7) |
||
| 100 | _aWooldridge, Jeffrey M | ||
| 245 | _aIntroductory econometrics: A modern approach | ||
| 250 | _a7th | ||
| 260 |
_bCengage Learning _c2023 _aNew Delhi |
||
| 300 | _axxii, 826 | ||
| 650 | _aManagement | ||
| 650 | _aEconometrics | ||
| 650 | _aStastistical Metthods | ||
| 942 | _cBK | ||
| 999 |
_c395938 _d395938 |
||